Inequality in Latin America and the Caribbean : (Registro nro. 5018)
[ vista simple ]
| 000 -LEADER | |
|---|---|
| fixed length control field | 01319nam a2200289Ia 4500 |
| 003 - CONTROL NUMBER IDENTIFIER | |
| control field | OSt |
| 005 - DATE AND TIME OF LATEST TRANSACTION | |
| control field | 20200429162827.0 |
| 008 - FIXED-LENGTH DATA ELEMENTS--GENERAL INFORMATION | |
| fixed length control field | 191128s2003 wau gr 000 0dspa d |
| 040 ## - CATALOGING SOURCE | |
| Original cataloging agency | CO-JMCR |
| Transcribing agency | CO-JMCR |
| 041 1# - LANGUAGE CODE | |
| Language code of text/sound track or separate title | spa |
| Language code of original | eng |
| 082 04 - DEWEY DECIMAL CLASSIFICATION NUMBER | |
| Classification number | 305.098 / |
| Item number | F411i |
| 100 1# - MAIN ENTRY--PERSONAL NAME | |
| Personal name | Ferranti, David de, |
| Relator term | autor |
| 9 (RLIN) | 3694 |
| 245 10 - TITLE STATEMENT | |
| Title | Inequality in Latin America and the Caribbean : |
| Remainder of title | breaking with history? / |
| Statement of responsibility, etc. | David de Ferranti, Guillermo E. Perry, Francisco H.g. Ferreira [y otros] |
| 260 ## - PUBLICATION, DISTRIBUTION, ETC. | |
| Place of publication, distribution, etc. | Washington : |
| Name of publisher, distributor, etc. | The world bank, |
| Date of publication, distribution, etc. | 2003 |
| 300 ## - PHYSICAL DESCRIPTION | |
| Extent | x, 498 páginas : |
| Other physical details | ilustraciones a color ; |
| Dimensions | 27 cm. |
| 490 0# - SERIES STATEMENT | |
| Series statement | World Bank Latin American and Caribbean Studies |
| 500 ## - GENERAL NOTE | |
| General note | Incluye lista de tablas y figuras. |
| 504 ## - BIBLIOGRAPHY, ETC. NOTE | |
| Bibliography, etc. note | Incluye bibliografía. |
| 505 ## - FORMATTED CONTENTS NOTE | |
| Formatted contents note | Different lives : inequality in Latin America and the Caribbean -- Group-based inequalities the roles of race ethinicity, and gender -- Taxation, public expeditures, and inequality myths and realities -- Historical roots of inequality in Latin America and |
| 650 14 - SUBJECT ADDED ENTRY--TOPICAL TERM | |
| Topical term or geographic name entry element | Desigualdad económica |
| 9 (RLIN) | 3695 |
| 650 24 - SUBJECT ADDED ENTRY--TOPICAL TERM | |
| Topical term or geographic name entry element | Desigualdad social |
| 9 (RLIN) | 1799 |
| 650 24 - SUBJECT ADDED ENTRY--TOPICAL TERM | |
| Topical term or geographic name entry element | Distribución del ingreso |
| 9 (RLIN) | 3696 |
| 650 24 - SUBJECT ADDED ENTRY--TOPICAL TERM | |
| Topical term or geographic name entry element | Desigualdad fiscal |
| 9 (RLIN) | 3697 |
| 700 1# - ADDED ENTRY--PERSONAL NAME | |
| Personal name | E. Perry, Guillermo, |
| Relator term | autor |
| 9 (RLIN) | 3698 |
| 700 1# - ADDED ENTRY--PERSONAL NAME | |
| Personal name | Ferrerira, Francisco H.G., |
| Relator term | autor |
| 9 (RLIN) | 3699 |
| 942 ## - ADDED ENTRY ELEMENTS (KOHA) | |
| Source of classification or shelving scheme | Dewey Decimal Classification |
| Koha item type | Books |
| Withdrawn status | Lost status | Source of classification or shelving scheme | Materials specified (bound volume or other part) | Damaged status | Not for loan | Home library | Current library | Date acquired | Source of acquisition | Cost, normal purchase price | Total Checkouts | Full call number | Barcode | Date last seen | Copy number | Price effective from | Koha item type |
|---|---|---|---|---|---|---|---|---|---|---|---|---|---|---|---|---|---|
| Dewey Decimal Classification | Donación--15/04/2018-- | Biblioteca Pública José María del Castillo y Rada | Biblioteca Pública José María del Castillo y Rada | 11/28/2019 | Donación | 0.00 | 305.098 / F411i | 430001155 | 05/16/2024 | Ej.1 | 11/28/2019 | Books |